000 00772nam a22002177a 4500
005 20150928114553.0
008 150928b ag ||||| |||| 00| 0 spa d
020 _a9506793654
050 0 4 _aKHA5593
_bM47 2005
100 1 _aMerlo, María Eva
245 1 0 _aDelitos contra el honor :
_bLibertad de expresión y de información /
_cMaria Eva Merlo
250 _a1a ed.
260 _aBuenos Aires, Argentina :
_bEditorial Universidad,
_c2005
300 _a143 p. ;
_c23 cm.
504 _aIncluye bibliografía e índice
650 7 _2LEMB
_aDifamación
_xLegislación
_zArgentina
650 7 _2LEMB
_aDifamación
_xLegislación
_zEspaña
650 7 _2LEMB
_aLibertad de información
_xDerecho penal
650 7 _2LEMB
_aLibertad de prensa
_xDerecho penal
942 _2lcc
_cLIB
999 _c101883
_d101883